Power plants (Record no. 15530)

000 -LEADER
fixed length control field 00524nam a22002051 4500
001 - CONTROL NUMBER
control field 15530
003 - CONTROL NUMBER IDENTIFIER
control field BD-DhUET
008 - FIXED-LENGTH DATA ELEMENTS--GENERAL INFORMATION
fixed length control field 840327s1956 paua 000 0 eng
040 ## - CATALOGING SOURCE
Original cataloging agency DLC
Transcribing agency DLC
Modifying agency BD-DhUET
082 00 - DEWEY DECIMAL CLASSIFICATION NUMBER
Classification number 621.11
Item number ZER/1956
100 ## - MAIN ENTRY--PERSONAL NAME
Personal name Zerban, Alexander H.
245 10 - TITLE STATEMENT
Title Power plants
250 ## - EDITION STATEMENT
Edition statement 2nd ed.
260 ## - PUBLICATION, DISTRIBUTION, ETC. (IMPRINT)
Place of publication, distribution, etc. Scranton
Name of publisher, distributor, etc. International Textbook
Date of publication, distribution, etc. 1956
300 ## - PHYSICAL DESCRIPTION
Extent vii, 655p.
Other physical details illus.
Dimensions 24 cm.
504 ## - BIBLIOGRAPHY, ETC. NOTE
Bibliography, etc Includes bibliographies
650 #0 - SUBJECT ADDED ENTRY--TOPICAL TERM
Topical term or geographic name as entry element Heat engines
700 ## - ADDED ENTRY--PERSONAL NAME
Personal name Nye, Edwin P.
942 ## - ADDED ENTRY ELEMENTS (KOHA)
Koha item type General Book
Holdings
Copy number Piece designation (barcode) Koha full call number Withdrawn status Koha date last borrowed Source of classification or shelving scheme Koha issues (times borrowed) Koha date last seen Sublocation or collection (holding branch) Lost status Price effective from Shelving location Not for loan Location (home branch) Damaged status Date acquired Koha normalized classification for sorting Koha item type
184325621.19/ZER/1957 2018-09-01 12018-09-24Central Library, BUET 2015-03-14Circulation section Central Library, BUET 2015-03-14621_190000000000000_ZER_1957General Book
219032621.11/ZER/1956    2015-04-23Central Library, BUET 2015-04-23Circulation section Central Library, BUET 2015-04-23621_110000000000000_ZER_1956General Book
319033621.11 ZER/1956    2015-05-06Central Library, BUET 2015-05-06Circulation section Central Library, BUET 2015-05-06621_110000000000000_ZER_1956General Book
4102621.19/ZER/1956    2015-06-14Central Library, BUET 2015-06-14Reading section Central Library, BUET 2015-06-14621_190000000000000_ZER_1956Reading Item